000 00424nam a2200157Ia 4500
008 230718s9999 xx 000 0 und d
041 _aeng
082 _a005.678
_bBOU
100 _aBoumphrey F.
_9167635
245 _aXML Applications
260 _c2000
_bMicrosoft
300 _a648
365 _cRs.
_b400.00
700 _aBoumphrey F.; Direnzo O.; Duckett J. & Graf J.
_9186785
906 _dB:812408-Jun-2000
_cCOMP
_b60
999 _c300330
_d300330